000 00574nam a22001937a 4500
005 20250513111924.0
008 250513b |||||||| |||| 00| 0 eng d
040 _cDO
245 _aKing Tut's family secrets
250 _aSeptember 2010 Vol. 218 No 3
490 _aNational Geographic
520 _aTut's Family Secrets, Royal Incest, Sands of time, Madagascar's Pierced Heart, Tricky Insect Eggs, Mystery Travelers
650 _xKING TUT'S FAMILY
650 _xFRASER ISLAND
650 _xMADAGASCAR
650 _xINSECT EGGS
650 _xEELS
942 _2ddc
_cCR
999 _c5504
_d5504